| 000 | 00505cam a22001815a 4500 | ||
|---|---|---|---|
| 001 | L155960 | ||
| 008 | 120423s1867 xxk f 000 0 eng d | ||
| 035 | _a(Sirsi) u155960 | ||
| 041 | 0 | _aeng | |
| 100 | 1 |
_aElton, Charles Isaac _d1839-1900 |
|
| 245 | 0 | 4 | _aThe tenures of Kent |
| 260 |
_aLondon _bJames Parker _c1867 |
||
| 300 |
_axx, 424 p. _c24 cm. |
||
| 583 |
_aCondition reviewed _c20120620 _lcondition level 1 |
||
| 651 | 4 |
_aGreat Britain _y1707- |
|
| 690 |
_aLandlord and tenant _96252 |
||
| 942 | _n0 | ||
| 999 |
_c113945 _d113945 |
||